000 00303nam a22001337a 4500
008 181218b xxu||||| |||| 00| 0 eng d
020 _a92043
041 _aeng
080 _22nd
_a159.9
100 _a49
101 _aPSI
245 _aInterpretation of Diagnostic Tests
_cWallach, J
942 _2udc
_cBK
999 _c53445
_d53445